| 000 | 00877pam a2200265 a 4500 | ||
|---|---|---|---|
| 999 |
_c8677 _d8677 |
||
| 003 | OSt | ||
| 005 | 20201209164142.0 | ||
| 008 | 911122s1993 nyua b 001 0 eng | ||
| 010 | _a 91044989 | ||
| 020 | _a0442246692 | ||
| 040 |
_aDLC _cDLC _dDLC |
||
| 050 | 0 | 0 |
_aNA2850 _b.K85 1993 |
| 082 | 0 | 0 |
_a729 _220 |
| 100 | 1 | _aKurtich, John. | |
| 245 | 1 | 0 |
_aInterior architecture / _cJohn Kurtich, Garret Eakin. |
| 260 |
_aNew York : _bVan Nostrand Reinhold, _cc1993. |
||
| 300 |
_aix, 485 p. : _bill. (some col.) ; _c29 cm. |
||
| 504 | _aIncludes bibliographical references and index. | ||
| 650 | 0 | _aInterior architecture. | |
| 650 | 0 | _aInterior decoration. | |
| 700 | 1 | _aEakin, Garret. | |
| 906 |
_a7 _bcbc _corignew _d1 _eocip _f19 _gy-gencatlg |
||
| 942 | _2ddc | ||